01176nac a22002891u 4500010001700000020002800017035002300045082001900068090001500087100003400102245015600136260005600292300002400348500002600372504006600398511002400464650002600488650002100514650002900535650002700564650002600591650002000617856009100637942002100728999001500749952012200764 a 2002014300 a1583919201 (alk. paper) a(OCoLC)ocm5060480100a616.89152bSTA c8482d8482 aStacey, Ralph D. 10aComplexity and group processes : a radically social understanding of individuals /ba radically social understanding of individuals /cRalph D. Stacey. aHove ;aNew York :bBrunner-Routledge,2003.cc2003. ax, 356 p. ;c24 cm. aDistributer: Al-Ahram aIncludes bibliographical references (p. [332]-342) and index. aCatalogued by: Sara 0aGroup psychoanalysis. 0aGroup Processes. 0aInterpersonal Relations. 0aPsychoanalytic Theory. 0aPsychotherapy, Group. 0aSystems Theory.423Publisher descriptionuhttp://www.loc.gov/catdir/enhancements/fy0653/2002014300-d.html cBBk616.89152STA c8482d8482 00104070aMAINbMAINc1STd2010-03-08ePurchasel1m3o616.89152STAp000010289r2025-07-15 00:00:00s2015-03-21yBB